000 00460nam a2200145Ia 4500
003 OSt
005 20260123142523.0
008 211028s2016 xx 000 0 und d
040 _cAIMIT LIBRARY
041 _aeng
100 _aMisquith, Runaly Chris; D Souza, Rayan.
_g1416121
_97540
245 _aProject report on analysis of labour absenteeism Kelagur coffee and tea estates Chikmangalore /
260 _aMangalore
_bRayan D Souza
_c2016
942 _2ddc
_cPRO
999 _c219108
_d219108